00877nam a2200241 a 4500008004100000020002200041245010300063260003400166300002400200440004100224500002000265504004100285650005200326650005200378650005500430650006100485700002500546700001800571700001900589003000100608005001700609040000900626  a0749410795 (hbk.)04aThe gender gap in higher education /cedited by Suzanne Stiver Lie, Lynda Malik and Duncan Harris. aLondon :bKogan Page,c1994. ax, 250 p. ;c24 cm. 0aWorld yearbook of education ;v1994. aIncludes index. aIncludes bibliographical references. 0aWomen college teachersvCross-cultural studies. 0aWomen college studentsvCross-cultural studies. 0aWomenxEducation (Higher)vCross-cultural studies. 0aSex discrimination in educationvCross-cultural studies.1 aLie, Suzanne Stiver.1 aMalik, Lynda.1 aHarris, N.D.C.20230123133237.0 cNUST